000 00440nam a22001457a 4500
008 220408b |||||||| |||| 00| 0 eng d
020 _a0631125663.
050 _aB824.6
100 _aHanfling,Oswald
_9200
245 _aEssential readings in logical positivism.
_cOswald, Hanfling
260 _aLondon:
_bBilling and Sons
_c1981.
300 _avii
_b248p.;
_c21cm.
650 _alogical positivism
_xhistory
_934048
942 _2lcc
_cMONOGRAPH
999 _c131287
_d131287